000 01005nam a22002657a 4500
005 20220409100048.0
008 220407b ||||| |||| 00| 0 eng d
020 _a817027190x
040 _cAloy
041 _aeng
082 _223
_a330.954
_bLALE
100 _aK B Lall Ed and others
_928858
245 _aEuropean community and SAARC
260 _aNew Delhi
_bRadiant Publishers
_c1993
300 _axxvi,112 p.
_bHB
_c22x14 cm.
365 _b150.00
_c
_d150.00
520 _aRevised version of papers contributed to a seminar on "European Union in 1992: its Significance for India and South Asia" organized by the West European Division of the School of International Studies, Jawaharlal Nehru University, New Delhi, in September 1990.
650 _aGlobal Development
_928326
650 _aSouth Asia
_928327
650 _aIndo-Pakistan Relations
_928328
700 _aLAL (K B) Ed
_928329
700 _aCHOPRA (H S) Ed
_928330
700 _aMEYER (Thomas) Ed
_928334
942 _2ddc
_cGF
999 _c222261
_d222261